|
|
|
|
| LEADER |
01441nam a2200277 a 4500 |
| 003 |
GR-PaULI |
| 005 |
20231102134958.0 |
| 008 |
040429s1989 gr gre d |
| 952 |
|
|
|0 0
|1 0
|2 ddc
|4 0
|6 813_520000000000000_LON
|7 0
|9 233501
|a LISA
|b LISA
|c BSC
|d 2019-07-02
|i 15287
|l 0
|o 813.52 LON
|p 025000263182
|r 2019-07-02 00:00:00
|t 1
|v 2019.00
|w 2019-07-02
|y BK15
|
| 999 |
|
|
|c 141688
|d 141688
|
| 020 |
|
|
|a 9789600303285
|
| 040 |
|
|
|a GR-PaULI
|b gre
|c GR-PaULI
|d GR-AiPI
|e AACR2
|
| 082 |
0 |
4 |
|a 813.52
|2 23
|
| 100 |
1 |
|
|9 110434
|a London, Jack,
|d 1876-1916
|e συγγραφέας.
|
| 245 |
1 |
3 |
|a Το κάλεσμα της άγριας φύσης /
|c Τζακ Λόντον ; μετάφραση Μαίρη Κιτσικοπούλου ; εικονογράφηση Βούλα Κερεκλίδου.
|
| 260 |
|
|
|a Αθήνα :
|b Καστανιώτης,
|c 1989.
|
| 300 |
|
|
|a 346 σ. ;
|c 18 εκ.
|
| 490 |
1 |
|
|a Νεανική βιβλιοθήκη / Καστανιώτης
|
| 650 |
|
4 |
|a Αμερικανικό μυθιστόρημα
|9 1688
|
| 650 |
|
4 |
|a Αμερικανική πεζογραφία
|9 84284
|
| 650 |
|
4 |
|a Παγκόσμια λογοτεχνία
|9 2585
|
| 700 |
1 |
|
|9 54940
|a Κιτσικοπούλου, Μαίρη
|e μεταφράστρια.
|
| 700 |
1 |
|
|9 53387
|a Κερεκλίδου, Βούλα
|e εικονογράφος.
|
| 830 |
|
0 |
|a Νεανική βιβλιοθήκη (Καστανιώτης)
|9 176819
|
| 942 |
|
|
|2 ddc
|c BK15
|
| 998 |
|
|
|c ΜΙΧΟΣΤΑΥΡΟΥ
|d 2019-07
|